Catálogo
 En Linea

Un diario vivir en tres etapas / (Registro nro. 47212)

Detalles MARC
000 -CABECERA
campo de control de longitud fija 00576nam a2200181 a 4500
001 - NÚMERO DE CONTROL
campo de control 000047724
005 - FECHA Y HORA DE LA ÚLTIMA TRANSACCIÓN
campo de control 20201002060711.0
008 - DATOS DE LONGITUD FIJA--INFORMACIÓN GENERAL
campo de control de longitud fija 180724s2015 dr 000 0 spa d
020 ## - NÚMERO INTERNACIONAL ESTÁNDAR DEL LIBRO
Número Internacional Estándar del Libro 9789945167177
040 ## - FUENTE DE LA CATALOGACIÓN
Centro catalogador/agencia de origen DO-SdBNP
Lengua de catalogación spa
Centro/agencia transcriptor BNPHU
082 ## - NÚMERO DE LA CLASIFICACIÓN DECIMAL DEWEY
Número de clasificación xxx
Número de documento/Ítem C957d
100 1# - ENTRADA PRINCIPAL--NOMBRE DE PERSONA
Nombre de persona Cruz Henríquez, Juan de la
9 (RLIN) 75329
245 13 - MENCIÓN DE TÍTULO
Título Un diario vivir en tres etapas /
Mención de responsabilidad, etc. Juan de la Cruz Henríquez.
260 ## - PUBLICACIÓN, DISTRIBUCIÓN, ETC.
Lugar de publicación, distribución, etc. Santo DOmingo, :
Nombre del editor, distribuidor, etc. Búho,
Fecha de publicación, distribución, etc. 2015.
300 ## - DESCRIPCIÓN FÍSICA
Extensión 110 p. ;
Dimensiones 20 cm.
500 ## - NOTA GENERAL
Nota general Incluye datos biografícos del autor en la contraportada.
590 ## - NOTA LOCAL (RLIN)
Nota local Inventariado, 2018/ YL
Existencias
Estado de retiro Estado de pérdida No para préstamo Código de colección Localización permanente Ubicación/localización actual Ubicación en estantería Fecha de adquisición Número de inventario Total de préstamos Signatura topográfica completa Código de barras Fecha visto por última vez Número de copia Precio válido a partir de Tipo de ítem Koha
    Excluido de préstamo Dominicana de Servicio General General Depósito 24.07.2018 LF1   xxx C957d 47724-30 25.06.2020 e. 3 25.06.2020 Libro y Folleto Colección Dominicana de Servicio
    Excluido de préstamo Dominicana de Servicio General General Depósito 13.11.2018 LF1   xxx C957d 47724-40 25.06.2020 e. 4 25.06.2020 Libro y Folleto Colección Dominicana de Servicio
    Excluido de préstamo Dominicana de Servicio General General Depósito 13.11.2018 LF1   xxx C957d 47724-50 25.06.2020 e. 5 25.06.2020 Libro y Folleto Colección Dominicana de Servicio
      Patrimonio Dominicano General General Orden iniciada 24.07.2018 LF1   xxx C957d 47725-30 25.06.2020   25.06.2020 Libro y Folleto Colección Patrimonio Dominicano
    Excluido de préstamo Patrimonio Dominicano Patrimonio Dominicano Patrimonio Dominicano Depósito 24.07.2018 LF1   xxx C957d 47724-10 25.06.2020   25.06.2020 Libro y Folleto Colección Patrimonio Dominicano
    Excluido de préstamo Patrimonio Dominicano Patrimonio Dominicano Patrimonio Dominicano Depósito 24.07.2018 LF1   xxx C957d 47724-20 25.06.2020 e. 2 25.06.2020 Libro y Folleto Colección Patrimonio Dominicano
      Patrimonio Dominicano Patrimonio Dominicano Patrimonio Dominicano Orden iniciada 24.07.2018 LF1   xxx C957d 47725-10 25.06.2020   25.06.2020 Libro y Folleto Colección Patrimonio Dominicano
      Patrimonio Dominicano Patrimonio Dominicano Patrimonio Dominicano Orden iniciada 24.07.2018 LF1   xxx C957d 47725-20 25.06.2020   25.06.2020 Libro y Folleto Colección Patrimonio Dominicano

Con tecnología Koha